Najprv sa postarajú o živých, nebožtíci musia počkať : Prvoradou úlohou richtára obce Kuzmice Jána Geňu je dobudovať verejné vodovodné siete. V časti pod železnicou boli zaplavené studne

Podrobná bibliografia
Hlavní autori: Švedová, Oľga (Author), Hricová, Ľuba (Author)
Médium: Článok
Jazyk:Slovak
Témy:
Zdroj: 1. Košický denník 1. Roč. 1, č. 73(1999), dát. 0701, s. 12
LEADER 00958nab#a2200301#ar4500
001 000020813
003 SVKKK
005 00000000000000.0
008 c xo e sloo
FMT
038 |a SVKKK 
040 |a SVKKK  |b slo  |e AACR2 
041 0 |a slo 
044 |a xo  |c SK 
080 |a 30  |2 1981 
100 1 |a Švedová, Oľga  |4 aut 
245 1 0 |a Najprv sa postarajú o živých, nebožtíci musia počkať :  |b Prvoradou úlohou richtára obce Kuzmice Jána Geňu je dobudovať verejné vodovodné siete. V časti pod železnicou boli zaplavené studne  |c Švedová Oľga, , Hricová Ľuba 
300 |b Fotogr. 1 
650 0 4 |a Kuzmice (TV)  |x rozvoj  |x plynofikácia  |x vodovod  |x výstavba  |x reportáže 
700 1 |a Hricová, Ľuba  |4 aut 
773 0 |t Košický denník  |g Roč. 1, č. 73(1999), dát. 0701, s. 12 
957 |a Kuzmice 
958 |a TV 
974 |d 000121  |a Čr 
992 |a RBX 
BAS
852 |a SVKKK  |b BIB 
998 |a REG